000 01176nac a22003377a 4500
001 BR7600350
003 BR-BrBNA
005 20240105113908.0
008 230509b bl.|||m| |||| 00| 0 por d
040 _aBR-BrBNA
_bpor
_cBiblioteca Nacional de Agricultura
072 _aF60; H20
090 _a0336 BR7600350
100 1 _aSantos Filho, J.M. dos
100 1 _aPorto, M.C.M.
100 1 _aCrisostomo, J.R.
100 1 _aSediyama, C.S.
100 1 _aSediyama, T.
110 1 _aEmpresa Brasileira de Pesquisa Agropecuaria, Salvador, BA (Brasil). Representacao no Estado da Bahia
_93906
245 1 _aEfeito do tratamento de sementes sobre a germinacao e necrose cotiledonar da soja, Glycine max (L.)Merrill [Fungicida]
260 3 _aSalvador, BA (Brasil):
_c1975.
300 _a12 p.
490 _aComunicado Tecnico - Empresa Brasileira de Pesquisa Agropecuaria. Representacao no Estado da Bahia (Brazil)
_vno. 1
_x
500 _a5 tables; 10 ref.; Summary (Pt)
650 _aSEMENTE
650 _aGERMINACAO
650 _aNECROSE
650 _aSOJA
650 _aFUNGICIDA
909 _a202312
_bLúcia Elande
_c55
_dLúcia Elande
942 _2AGRIS
_n0
_cMS
999 _c266211
_d266211